000 00717nam a22002417a 4500
001 002145090
003 DO-SdBNP
005 20180219153217.0
007 002145090
008 161205b 1989 nyu a ||||| |||| 00| 0 spa d
020 _a0590442627
040 _aBPMSU
_bspa
_cBPMSU
082 _axxxx
_bxxxx
100 1 _aBridwell, Norman
245 1 0 _aClifford's puppy days /
_cstory and pictures by Norman Bridwell.
260 _aNew York :
_bScholastic,
_c1989.
300 _a28 unnumbered pages :
_bil. ;
_c21 cm.
490 1 _aClifford the big red dog.
830 0 _aClifford the big red dog.
942 _2ddc
_cBK
945 _aInventariado, 2018 / BT
956 _2LOPEREZ
_310
_620161205
_8BPMSU
_a00041
999 _c12262
_d12262